| 000 | 00000nam##2200000za#4500 |
| 001 | 9.695578 |
| 003 | CaOODSP |
| 005 | 20210624234636 |
| 007 | cr ||||||||||| |
| 008 | 150407|2001||||xxc|||||o f|0| 0 eng|d |
| 040 | |aCaOODSP|beng |
| 043 | |an-cn--- |
| 086 | 1 |aHR21-56/2001E-PDF |
| 110 | 2 |aCanadian Human Rights Commission. |
| 245 | 10|aRace, colour, national or ethnic origin : |h[electronic resource]|banti-discrimination casebook |
| 260 | |bCanadian Human Rights Commission |cc2001. |
| 300 | |a36p. |
| 500 | |aThe catalogue number (HR21-56-2001) and ISBN (0-662-65976-7) for the bilingual print edition have been incorrectly copied in this electronic publication. |
| 590 | |a12-12-Supp|b2012-03-28 |
| 775 | 08|tRecueil de décisions : |w(CaOODSP)9.639712 |
| 776 | 0#|tRace, colour, national or ethnic origin: anti-discrimination casebook |w(CaOODSP)9.663089 |
| 776 | 0#|tRecueil de décisions: discrimination fondée sur la race, la couleur, l'origine nationale ou ethnique |w(CaOODSP)9.663090 |
| 856 | 40|ahttp://publications.gc.ca|qPDF|s141 KB|uhttps://publications.gc.ca/collections/Collection/HR21-56-2001E.pdf |